Statistics for Top 10 Tennis Grand Slam Czech Women's Players in Open Era

Click here to take the quiz!

General Stats

  • This quiz has been taken 51 times
    (12 since last reset)
  • The average score is 6 of 10

Answer Stats

#PlayerBest PerformancePoints% Correct
6Karolína PlíškováFinal31
100%
5Petra KvitováWin (2)50
100%
2Hana MandlíkováWin (4)83
89%
10Markéta VondroušováWin (1)15
89%
1Martina NavrátilováWin (18)224
89%
3Jana NovotnáWin (1)68
78%
4Helena SukováFinal60
56%
9Nicole VaidišováSemifinals16
22%
8Regina MaršíkováSemifinals16
0%
7Renáta TomanováFinal20
0%

Score Distribution

Percentile by Number Answered

Percent of People with Each Score

Your Score History

You have not taken this quiz since the last reset